000 00455nmm a2200157Ia 4500
008 251105s9999||||xx |||||||||||||||||und||
020 _a9789587713817
041 _aspa
100 _aPalacios Acero, Luis Carlos
245 0 _aDirección estratégica
264 _a[Bogotá, Colombia] :
_bEcoe Ediciones,
_c2016
300 _a228 páginas
650 _aEconomics and Business
856 _uhttps://public.digitaliapublishing.com/a/102926
942 _cCF
999 _c96220
_d96220